000
00222nam a2200097Ia 4500
008
170619s9999 xx 000 0 und d
100
_a
Quinn Michael J
245
0
_a
Parallel Computing
260
_b
New Delhi: TMH
260
_c
2004
546
_a
ENGLISH
999
_c
17113
_d
17113